| 000 | 00995cam a2200193 4500 | ||
|---|---|---|---|
| 001 | WB3828-02 | ||
| 008 | 020731n2002 000 0 eng u | ||
| 035 | _a(Sirsi) u119126 | ||
| 245 | _aCPO system to be made easier | ||
| 260 | _c2002 | ||
| 490 |
_aRegeneration and Renewal _v26 july 2002, 1(1) |
||
| 520 | _aLaw Commission has unveiled plans to streamline compulsory purchase system to enable local authorities to more easily take ownership of land for regeneration purposes. Consultative report proposes to simplify current procedures, and introduce new compensation code. Deadline for responses is October, with final recommendations early 2003. "Towards a compulsory purchase code: compensation" can be viewed at www.lawcom.gov.uk/library/lib-comp.htm#libcp165 | ||
| 590 | _aWB | ||
| 650 | _aREGENERATION | ||
| 650 | _aCPO | ||
| 650 | _aPLANNING PROCEDURE | ||
| 690 | _aENVIRONMENTAL AND LAND CONSULTANCY-PLANNING AND DEVELOPMENT-COMPULSORY PURCHASE AND COMPENSATION | ||
| 942 | _n0 | ||
| 999 |
_c70859 _d70859 |
||